Taylor Swift - Wonderland Lyrics - Statistics

General Stats
  • This quiz has been taken 304 times
  • The average score is 323 of 367
Answer Stats
Answer % Correct
I
100%
a
99%
And
99%
and
99%
in
99%
In
99%
we
99%
We
99%
Wonderland
99%
it
98%
You
98%
you
98%
go
97%
got
97%
last
97%
lost
97%
for
96%
found
96%
forever
95%
me
94%
me?
94%
the
94%
but
93%
But
93%
to
93%
To
93%
your
93%
at
91%
could
91%
eye
91%
hole
91%
Oh
91%
rabbit
91%
down
90%
Didn't
89%
didn't
89%
fell
89%
flash
89%
seem
88%
all
87%
All
87%
"Don't
87%
eyes
87%
green
87%
into
87%
never
87%
on
87%
they
87%
better
85%
pretended
85%
tell
85%
things"?
85%
Too
85%
was
85%
us
84%
worse
84%
mind
83%
new
83%
rush
83%
were
83%
turn
82%
what
82%
around
81%
exciting
81%
smile?
81%
So
81%
so
81%
with
81%
took
80%
have
79%
life
79%
of
79%
wrong
79%
arms
78%
cat
78%
lights
77%
twistin'
77%
went
77%
end
76%
had
76%
felt
75%
Flashing
75%
open
75%
as
74%
gone
74%
my
74%
night
74%
one
74%
both
72%
It's
72%
mad
72%
held
71%
love
71%
curious
70%
minds?
70%
out
70%
seems
70%
their
70%
tight
70%
turned
70%
nothing
69%
should
69%
slept
69%
talkin'
69%
back
68%
'Cause
68%
think
68%
screams
67%
fears
66%
Haven't
66%
heard
66%
control
65%
home
65%
games
64%
our
64%
searched
64%
somebody
64%
straight
64%
there
64%
'til
64%
whispers
64%
Cheshire
63%
fun
63%
loses
63%
becomes
62%
like
62%
talking
62%
way
62%
reached
61%
strangers
61%
somethin'
60%
watchin'
60%
spinning
59%
darling
58%
feel
58%
make
58%
seemed
58%
world
58%
alone
56%
else
55%
or
54%
calm
52%
know
50%
No matching quizzes found
Score Distribution
Percent of People with Each Score
Percentile by Number Answered
Your Score History
You have not taken this quiz